Statistics for Topscorers of each team of the World Cup 2014

Click here to take the quiz!

General Stats

  • This quiz has been taken 166 times
  • The average score is 35 of 99

Answer Stats

CountryPositionPlayerGoals% Correct
BrazilFWNeymar33
95%
ArgentinaFWLionel Messi39
82%
PortugalFWCristiano Ronaldo49
81%
SpainFWDavid Villa58
75%
UruguayFWLuis Suarez39
74%
NetherlandsFWRobin van Persie61
74%
EnglandFWWayne Rooney40
73%
ChileFWAlexis Sanchez23
73%
FWFernando Torres37
71%
FranceFWKarim Benzema23
71%
MexicoFWJavier Hernandez35
71%
FWEdinson Cavani22
70%
FWFred17
69%
Ivory CoastFWDidier Drogba65
68%
CameroonFWSamuel Eto'o56
68%
FWSergio Agüero21
66%
GermanyFWMiroslav Klose69
66%
FWGonzalo Higuain21
66%
BosniaFWEdin Dzeko35
66%
AustraliaFWTim Cahill33
66%
MDSteven Gerrard21
63%
MDOscar20
62%
FWRomelu Lukaku9
62%
MDFrank Lampard29
61%
MDAndrea Pirlo13
60%
FWMario Balotelli13
60%
FWDiego Forlan37
56%
FWOlivier Giroud8
54%
MDXherdan Shaqiri9
54%
USAFWClint Dempsey38
53%
MDYaya Touré16
53%
MDWesley Sneijder20
51%
FWKlaas-Jan Huntelaar37
49%
MDKeisuke Honda23
48%
FWIvica Olic19
48%
MDDavid Silva20
48%
GhanaFWAsamoah Gyan41
48%
MDShinji Kagawa19
43%
MDBastian Schweinsteiger23
40%
MDJackson Martinez8
39%
FWLukas Podolski47
39%
FWBryan Ruiz13
38%
FWJoel Campbell10
37%
ItalyMDDaniele De Rossi15
34%
FWHelder Postiga27
33%
FWSalomon Kalou23
32%
DFRafael Marquez15
32%
South KoreaFWChu-Young Park24
31%
MDMichael Essien9
30%
FWJozy Altidore23
30%
MDMathieu Valbuena5
29%
BelgiumDFDaniel Van Buyten10
28%
FWEduardo Vargas14
28%
FWHugo Almeida19
25%
FWSofiane Feghouli6
24%
GreeceFWTheofanis Gekas24
22%
RussiaFWAlexander Kerzhakov26
22%
MDGiorgios Karagounis10
21%
FWIslam Slimani10
20%
FWKeun-Ho Lee18
19%
MDAlan Dzagoev8
19%
FWOribe Peralta17
19%
FWKevin Mirallas9
19%
MDWilson Palacios6
19%
MDSulley Muntari20
19%
JapanFWShinji Okazaki38
19%
MDDarijo Srna21
18%
CroatiaFWEduardo29
18%
FWVedad Ibisevic20
18%
MDGokhan Inler6
17%
DFMario Yepes6
16%
MDKostas Katsouranis10
13%
FWEmmanuel Emenike10
13%
FWPeter Odemwingie10
13%
ColombiaFWTeofilo Gutierrez13
13%
DFDaMarcus Beasley17
12%
FWPierre Webo18
12%
FWDimitris Salpingidis13
10%
MDZvjezdan Misimovic25
10%
FWMaxim Choupo-Moting12
10%
MDMark Bresciano13
10%
SwitzerlandMDTranquillo Barnetta10
9%
HondurasFWCarlos Costly31
8%
FWFelipe Caicedo15
7%
FWReza Ghoochannejhad10
7%
FWJoshua Kennedy17
5%
AlgeriaFWHilal Soudani11
4%
MDRoman Shirokov12
4%
FWJa-Cheol Koo12
4%
IranMDJavad Nekounam37
4%
FWJaime Ayovi9
4%
EcuadorMDEdinson Mendez18
4%
FWKarim Ansarifard9
3%
Costa RicaMDCelso Borges14
3%
MDSegundo Castillo9
2%
MDAbel Aguilar6
2%
NigeriaFWVictor Obinna13
1%
FWJerry Bengtson19
1%
FWEsteban Paredes11
1%

Score Distribution

Percentile by Number Answered

Percent of People with Each Score

Your Score History

You have not taken this quiz